МАРК-запис
| 000 -Лідер |
| fixed length control field |
02857nam a22002417a 4500 |
| 001 - Контрольний номер |
| control field |
79495 |
| 003 - Ідентифікатор контрольного номера |
| control field |
UA-OsUOA |
| 005 - Дата та час останнього входження (трансакції) |
| control field |
20240111124455.0 |
| 007 - Фіксоване поле фізичного опису |
| fixed length control field |
ta |
| 008 - Елементи даних фіксованої довжини – загальна інформація |
| fixed length control field |
20111110b un ||||| |||| 00| 0 ukr d |
| 040 ## - Джерело каталогізації |
| Агенція оригінальної каталогізації |
UA-OsUOA |
| Агенція, яка здійснювала перезапис |
UA-OsUOA |
| Агенція, яка здійснювала модифікацію |
UA-OsUOA |
| 080 ## - Індекс Універсальної десяткової класифікації |
| Індекс Універсальної десяткової класифікації (УДК) (НП) |
908:94(477.8)(082) |
| 090 ## - Локальний шифр розміщення |
| Класифікаційний індекс УДК |
908:94(477.8)(082) |
| Авторський знак (НП) |
В70 |
| 245 ## - Відомості про назву |
| Назва (НП) |
Волынь: историческія судьбы Юго-Западнаго края |
| Дані про відповідальність (НП) |
издатель П. Н. Батюшков |
| 250 ## - Відомості про видання (редакцію) |
| Відомості про видання (редакцію) (НП) |
репринтне вид. 1988 р. |
| 260 ## - Публікація, розповсюдження і т.п. (Вихідні дані) |
| Місце публікації, розповсюдження і т.п. (П) |
СПб. |
| Ім’я/ наймення видавництва, розповсюджувача і т.п. (П) |
Тип. "Общественная Польза" |
| 300 ## - Фізичний опис |
| Обсяг |
488 с. |
| 520 ## - Резюме і т.п. |
| Резюме, реферат, анотація, тощо (НП) |
Вторая книга, подготовленная профессором Киевской духовной академии Н.И. Петровым, в цикле публикаций по истории русского Запада, предпринятых издателем П.Н. Батюшковым в 1887-1890 гг. По замыслу автора: «В настоящее время к числу важнейших задач русского государства и общества в отношении к Волыни относится и та, чтобы представить в ясном свете коренные начала русской народности и православия, развивавшиеся на Волыни в первый период ее истории, обозначить сторонние и наружные наслоения на коренной пласт местного русского населения, наложенные на него литовским и особенно польским владычеством, и ослабить их действие , и, наконец, провести в сознание различных слоев местного населения мысль о необходимости и неизбежности полнейшего объединения этой окраины России с другими коренными ее частями». Выпуск издания был приурочен к девятисотлетию Крещения Руси. Посвящая свой труд этому событию Н.И. Петров, сообщает читателям, что « в книге излагаются только такие события из жизни Волыни, которые содействовали или препятствовали развитию русской народности и православия, и опускаются события, не имеющие отношения к этой цели». |
| 650 #7 - Додаткове предметне введення – тематичний термін |
| Тематичний термін чи географічна назва, як елемент введення (НП) |
908 Краєзнавство |
| Джерело заголовка чи терміна |
UDC |
| 856 40 - Електронне місцезнаходження та доступ |
| Уніфікований ідентифікатор ресурсу (П) |
http://resource.history.org.ua/item/0013349 |
| 942 ## - Додаткові елементи входу (Коха) |
| Тип елемента Koha |
Книги |
| Source of classification or shelving scheme |
Universal Decimal Classification |
| 955 ## - Код типу видання за змістом |
| Код типу видання за змістом (НП) |
Навчальні видання |